<?xml version="1.0" encoding="UTF-8"?><?xml-stylesheet type="text/xsl" href="static/style.xsl"?><OAI-PMH xmlns="http://www.openarchives.org/OAI/2.0/" xmlns:xsi="http://www.w3.org/2001/XMLSchema-instance" xsi:schemaLocation="http://www.openarchives.org/OAI/2.0/ http://www.openarchives.org/OAI/2.0/OAI-PMH.xsd"><responseDate>2026-04-29T13:47:41Z</responseDate><request verb="GetRecord" identifier="oai:riubu.ubu.es:10259/11362" metadataPrefix="marc">https://riubu.ubu.es/oai/request</request><GetRecord><record><header><identifier>oai:riubu.ubu.es:10259/11362</identifier><datestamp>2026-02-13T01:05:51Z</datestamp><setSpec>com_10259_4725</setSpec><setSpec>com_10259_5086</setSpec><setSpec>com_10259_2604</setSpec><setSpec>col_10259_4726</setSpec></header><metadata><record xmlns="http://www.loc.gov/MARC21/slim" xmlns:doc="http://www.lyncode.com/xoai" xmlns:xsi="http://www.w3.org/2001/XMLSchema-instance" xmlns:dcterms="http://purl.org/dc/terms/" xsi:schemaLocation="http://www.loc.gov/MARC21/slim http://www.loc.gov/standards/marcxml/schema/MARC21slim.xsd">
<leader>00925njm 22002777a 4500</leader>
<datafield tag="042" ind1=" " ind2=" ">
<subfield code="a">dc</subfield>
</datafield>
<datafield tag="720" ind1=" " ind2=" ">
<subfield code="a">de Souza, Flávia Cristina Sierra</subfield>
<subfield code="e">author</subfield>
</datafield>
<datafield tag="720" ind1=" " ind2=" ">
<subfield code="a">Laranjeira, Carlos</subfield>
<subfield code="e">author</subfield>
</datafield>
<datafield tag="720" ind1=" " ind2=" ">
<subfield code="a">Salci, Maria Aparecida</subfield>
<subfield code="e">author</subfield>
</datafield>
<datafield tag="720" ind1=" " ind2=" ">
<subfield code="a">Höring, Carla Franciele</subfield>
<subfield code="e">author</subfield>
</datafield>
<datafield tag="720" ind1=" " ind2=" ">
<subfield code="a">Góes, Herbert Leopoldo de Freitas</subfield>
<subfield code="e">author</subfield>
</datafield>
<datafield tag="720" ind1=" " ind2=" ">
<subfield code="a">Baldissera, Vanessa Denardi Antoniassi</subfield>
<subfield code="e">author</subfield>
</datafield>
<datafield tag="720" ind1=" " ind2=" ">
<subfield code="a">Moura, Débora</subfield>
<subfield code="e">author</subfield>
</datafield>
<datafield tag="720" ind1=" " ind2=" ">
<subfield code="a">Meireles, Viviani Camboin</subfield>
<subfield code="e">author</subfield>
</datafield>
<datafield tag="720" ind1=" " ind2=" ">
<subfield code="a">Prado, Maria Fernanda</subfield>
<subfield code="e">author</subfield>
</datafield>
<datafield tag="720" ind1=" " ind2=" ">
<subfield code="a">Betiolli, Susanne Elero</subfield>
<subfield code="e">author</subfield>
</datafield>
<datafield tag="720" ind1=" " ind2=" ">
<subfield code="a">Puente Alcaraz, Jesús</subfield>
<subfield code="e">author</subfield>
</datafield>
<datafield tag="720" ind1=" " ind2=" ">
<subfield code="a">Fernandes, Carlos Alexandre Molena</subfield>
<subfield code="e">author</subfield>
</datafield>
<datafield tag="720" ind1=" " ind2=" ">
<subfield code="a">Carreira, Lígia</subfield>
<subfield code="e">author</subfield>
</datafield>
<datafield tag="260" ind1=" " ind2=" ">
<subfield code="c">2024-12</subfield>
</datafield>
<datafield tag="520" ind1=" " ind2=" ">
<subfield code="a">Background/Objectives: Evidence suggests that older adults who survived COVID-19 were exposed to greater functional dependence in their daily living activities. This study aims to examine the prevalence of functional dependence and associated factors among Brazilian older people with functional dependence 12 months after COVID-19 infection. Methods: A cross-sectional study was carried out involving people aged 60 years or older in the state of Paraná, Brazil. One year after notification or hospital discharge due to COVID-19, between June 2021 and March 2022, participants responded to a questionnaire via telephone call about sociodemographic data and data on functionality using the Measure of Functional Independence (FIM). The outcome variable “assessment of functional capacity” was divided into functional dependence (FIM Total &lt; 104) and functional independence (FIM Total ≥ 104). Results: A total of 768 older adults participated, with an average age of 68.03 ± 6.8 years (range between 60 and 100). A majority of them were female (50.3%), white (46%), with low education (37.4%), had a partner (56.3%), did not live alone (72.4%), and had their own home (52.2%). The prevalence of functional dependence was 7.2%. On average, participants scored 5.4 points lower on FIM one year after COVID-19 infection compared with those in the acute phase of COVID-19 (125.5 vs. 120.1; p &lt; 0.001). Functional dependence was higher (p &lt; 0.05) among women when compared to men (aOR = 2.28); in people who changed their work situation due to COVID-19 when compared to those with no change (aOR = 5.27); in people with fair/poor/bad self-reported health compared to those with excellent/good health (aOR = 2.97); in people with cardiovascular symptoms compared to those without cardiovascular symptoms (aOR = 3.37); and among the most severe cases of the disease (treatment in ICU) compared to mild cases (outpatient treatment) (aOR = 10.5). Conclusions: Most participants presented functional independence 12 months after COVID-19 infection. Cases of functional dependence were influenced by multidimensional factors, including physical health, economic, and psychosocial aspects.</subfield>
</datafield>
<datafield tag="024" ind2=" " ind1="8">
<subfield code="a">https://hdl.handle.net/10259/11362</subfield>
</datafield>
<datafield tag="024" ind2=" " ind1="8">
<subfield code="a">10.3390/JCM14010009</subfield>
</datafield>
<datafield tag="024" ind2=" " ind1="8">
<subfield code="a">2077-0383</subfield>
</datafield>
<datafield ind1=" " ind2=" " tag="653">
<subfield code="a">Functional status</subfield>
</datafield>
<datafield ind1=" " ind2=" " tag="653">
<subfield code="a">COVID-19</subfield>
</datafield>
<datafield ind1=" " ind2=" " tag="653">
<subfield code="a">Daily living activities</subfield>
</datafield>
<datafield ind1=" " ind2=" " tag="653">
<subfield code="a">Older people</subfield>
</datafield>
<datafield ind1=" " ind2=" " tag="653">
<subfield code="a">Brazil</subfield>
</datafield>
<datafield tag="245" ind1="0" ind2="0">
<subfield code="a">Functional Capacity Among Brazilian Older Adults 12 Months After COVID-19 Infection: A Cross-Sectional Study</subfield>
</datafield>
</record></metadata></record></GetRecord></OAI-PMH>